000 00453nam a2200169Ia 4500
008 151021s9999 xx 000 0 und d
020 _a42887907
050 _aKD2079.C47 2005
245 _a_Charlesworth's Company law
250 _a17ed
260 _aLondon Sweet &maxwell 2005
300 _acxxxv,743p.
500 _aIncludes Index
650 _a_Corporate Transactions
700 _a_Stephen Girvin
980 _a^d20110223 10:30:31^okorir
999 _c5489
_d5489